000 00428nab a2200145Ia 4500
003 ES-SlBCS
005 20210601133827.0
008 140529s1990 xxu||||| |||| 00| 0 por d
041 _apor
100 1 _aGarcía, António
_9116230
245 0 0 _aOrlando Vilela (1914-1989)
_c Antonio García
600 1 4 _aVilela, Orlando
_9210249
773 0 _tPresença Filosofica
_gvol. 15, nº. 1-2, 1990, págs. 134-140
_wRev966
942 _cAR
999 _c602750
_d602750